| 000 | 00397cam a22001097a 4500 | ||
|---|---|---|---|
| 008 | 180718b1973 xxu||||| |||| 00| 0 eng d | ||
| 082 | _aP2x5433 P969 | ||
| 245 |
_aStudent wastage and stagnation in technical institute in Punjab _cby Economic and Statistical Organisation |
||
| 260 |
_aChandigarh _bThe Government Press _c1973 |
||
| 300 | _a28p. | ||
| 700 | _aIndia. Economic and Statistical Organisation | ||
| 999 |
_c494517 _d494517 |
||